00682nam a22002177a 4500003000400000008004100004020001800045082002000063245014000083260005000223300001600273650002000289650001400309650002400323650001500347650001300362650002500375650002800400700001700428700001900445OSt260620b |||||||| |||| 00| 0 eng d a9789363461635 a333.73153bK16R aRegeneration Landscapes : integrating sustainable land management with ecological restoration / cedited by Tarun Kant and Aditi Tailor a.- New Delhib: Scientific Publishersc, 2025 axiv. 252 p. aSocial Sciences aEconomics aRestoration Ecology aLandscapes aLand use aLandscape Protection aSustainable Development aKant, Tarun. aTailor, Aditi.